00411nam a2200145 i 450000100060000000300090000600700030001500800410001810000150005924500700007426000500014430000340019470000150022885200220024329168ES-MaACLt|030121s1887 fr ||||1| fre d1 aBardet, G.10aFormulaire des nouveaux remè€des / cpar G. Bardet et E. Egasse. aParis : bOctave Doin, c1887 (fPaul Dupont) aIV, 352 p. : bil. ; c18 cm.1 aEgasse, E. aES-MaACLjG-15903